Subset selection in regression /

Guardado en:
Autor Principal: Miller, Alan J.
Formato: Libro
Idioma:English
Publicado: London : Chapman and Hall, c1990.
Series:Monographs on statistics and applied probability ; 40
Materias:
Acceso en línea:Publisher description
Etiquetas: Agregar Etiqueta
Sin Etiquetas, Sea el primero en etiquetar este registro!
LEADER 00859pam a2200241 a 4500
001 MAT.inmabb004913
008 891207s1990####enka#####b####001#0#eng##
005 20130323193606.0
245 1 0 |a Subset selection in regression /  |c A. J. Miller. 
260 |a London :  |b Chapman and Hall,  |c c1990. 
300 |a x, 229 p. :  |b il. ;  |c 23 cm. 
440 0 |a Monographs on statistics and applied probability ;  |v 40 
504 |a Incluye referencias bibliográficas (p. [215]-226) e índice. 
510 4 |a MR,  |c 91k:62064 
020 |a 0412353806 
100 1 |a Miller, Alan J. 
650 0 |a Regression analysis. 
650 0 |a Least squares. 
084 |a 62J05 (62J07 62J20)  |2 msc2000 
010 |a  89077350  
040 |a DLC  |c DLC  |d DLC 
856 4 2 |3 Publisher description  |u http://www.loc.gov/catdir/enhancements/fy0744/89077350-d.html 
859 |h 62  |i M6475  |p A-6660  |b BIB. MATEMATICA